| 000 | 01311nam0a2200361 4500 | ||
|---|---|---|---|
| 001 | RU\NLR\b_ik\136038 | ||
| 005 | 20250616225713.0 | ||
| 010 | _a0-19-820448-5 | ||
| 035 | _a(NLR Aleph) 002209320 | ||
| 090 |
_a3147345 _c3147345 |
||
| 100 | _a20051018d20021994|||y0rusy50 ca | ||
| 101 | 0 | _aeng | |
| 102 | _aRU | ||
| 105 | _ay ||||||||| | ||
| 200 | 1 |
_aThe Catholic priesthood and the English Reformation _fPeter Marshall |
|
| 205 | _a[Repr.] | ||
| 210 |
_aOxford _cClarendon press _d2002 |
||
| 215 |
_aXI, 271 с. _d22 |
||
| 225 | 1 | _aOxford historical monographs | |
| 320 | _aБиблиогр.: с. 237-259 | ||
| 320 | _aУказ.: с. 261-271 | ||
| 541 | 0 |
_aКатолическое духовенство и английская реформация _zrus |
|
| 606 | 1 |
_aДуховенство католическое _xИстория _yВеликобритания _92409889 _3RU\NLR\AUTH\661435946 |
|
| 606 | 1 |
_aРеформация _yВеликобритания _z16 в. _91538399 _3RU\NLR\AUTH\66971814 |
|
| 686 | 2 | _aЭ375-39(4Вл)43-63 | |
| 686 | 2 | _aЭ376.14-343-011 | |
| 700 | 1 |
_aMarshall _bP. _f1964- _gPeter _4070 |
|
| 801 | 0 |
_aRU _bNLR _c20051018 _gPSBO |
|
| 942 | _cBOOK | ||
| 980 | _aNB | ||